Регионална библиотека "Любен Каравелов" - Русе

Пясъчен пръстен (Запис номер 161654)

MARC детайли
000 -Лидер
Контролно поле с фиксирана дължина 01373nam a2200349 c 4500
003 - Код на организацията, давaща контролен номер
Контролно поле BLK
005 - Дата и час на последна редакция
Контролно поле 20240624115351.0
008 - Елементи от данни с фиксирана дължина
fixed length control field 180410b bul|||||r ||||||| ||bul||
010 ## - Наследен системен номер
LC control number KNG00168984000
040 ## - Източник на каталожния запис
Идентификатор на билиотеката - собственик на записа BLK
041 ## - Код за език
Код за езика на текст/звукозапис или на отделно заглавие Български
Код за езика КДБФ Български
072 #7 - Код за тематичната категория
Код организация bullib
Код за тематична категория К
Текст Краезнание
080 ## - УДК
Текстов определител УДК Българска литература
УДК код - определител по УДК 821.163.2
УДК определител -1
УДК - код + определител 821.163.2-1
100 ## - Редна дума - Автор
Автор Черняев, Христо Иванов
Дати, свързани с автора 1930 - 2021
Автор - информация (биография) Български поет, публицист и писател
R(LIN) 365420
139 ## - Редно поле
Редна дума Черняев, Христо
Авторски знак Черни - Ч 71
245 10 - Сведения за заглавието
Заглавие Пясъчен пръстен
Подзаглавни данни Избрани стихотворения
Редно поле (дума) Христо Иванов Черняев.
257 ## - Страна на издаване
Страна на създаване/издаване България
260 ## - Област на издателските данни
Име на издателя, разпространителя и проч. Бълг. писател
Година на издаване 1980
Печатница В. Търново : Д. Найденов
Място на издаване, разпространение и проч. София
300 ## - Физическа характеристика
Страници 143 с.
Илюстрации и др. с портр.
Размери/Мащаб 20,5 см
380 ## - Жанр
Жанр Худож. лит.
500 ## - Общи забележки
Забележка Името на авт. е Христо Иванов Бонев. 1 913 тир.
659 ## - Тематичен бюлетин
Тематичен бюлетин К
852 ## - Местоположение
Форматна сигнатура Цб 104551
852 ## - Местоположение
Форматна сигнатура К 821.163.2/Ч 71 Х
856 4# - Електронен адрес и достъп
Електронен формат pdf - файл
Инструкция (цена за достъп) 0.00
Права за достъп disable
856 4# - Електронен адрес и достъп
Електронен формат pdf - файл
Инструкция (цена за достъп) 0.00
Права за достъп disable
999 ## - СИСТЕМНИ КОНТРОЛНИ НОМЕРА
Koha biblionumber 161654
Koha biblioitemnumber 161654
942 ## - АРТИКУЛИ
Вид на библиотечния материал Книги
Скрит в OPAC Не
Периодичен библиозапис Да
944 ## - СЪЗДАВАНЕ И РЕДАКЦИЯ на ЗАПИСА
Създаване/Редакция Създаване
Дата на регистрацията/редакция 18.12.2014
Статус, дата на статуса Христина Везирева
Служител, извършил регистрацията/редакцията 30535
944 ## - СЪЗДАВАНЕ И РЕДАКЦИЯ на ЗАПИСА
Създаване/Редакция Редакция
Дата на регистрацията/редакция 18.12.2014
Статус, дата на статуса 18.12.2014 - от С1,Р / 18.12.2014
999 ## - СИСТЕМНИ КОНТРОЛНИ НОМЕРА
Koha biblioitemnumber 161654
999 ## - СИСТЕМНИ КОНТРОЛНИ НОМЕРА
Koha biblioitemnumber 161654
Наличности
Код за отписване Код за изгубен артикул Източник на класификационната схема Код за повреда Коз за рестрикции Код за отдаване Артикулен № Име на библиотеката - собственик Име на библиотеката, в която се намира в момента Статус (Текущо местоположение) Дата на вписване в системата Местоположение - отдел Цена в лева Инвентарен номер Систематично азбучна сигнатура Баркод Номер на екземпляра Цена в евро Служебна бележка Служебен тип на артикула
  Не е изгубен Universal Decimal Classification Не е повреден без рестрикции ползва се в читалня 270100 Регионална библиотека "Любен Каравелов" Русе Регионална библиотека "Любен Каравелов" Русе Хранилище 1980-01-01 Хранилище 1.18 309147 Цб 104551 120000309147 1 0.60 Дост: Dp Вид: Д Дата: 01.01.1980 Книги
  Не е изгубен Universal Decimal Classification Не е повреден без рестрикции ползва се в читалня 270101 Регионална библиотека "Любен Каравелов" Русе Регионална библиотека "Любен Каравелов" Русе Краезнание 1980-01-01 Краезнание 1.18 310646 К 821.163.2/Ч 71 Х 120000310646 2 0.60 Вид: СФ Дата: 01.01.1980 Дата инв: 16.11.2017 Бележки инв: К2017 Книги
Изтеглен Не е изгубен Universal Decimal Classification Не е повреден без рестрикции заемане за дома 270102 Регионална библиотека "Любен Каравелов" Русе Регионална библиотека "Любен Каравелов" Русе Заемна - подръчен фонд 1980-01-01 Заемна - подръчен фонд 1.18 310644 П 886.7-1/Ч 71 310644 3 0.60 Вид: СФ Дата: 01.01.1980 Дата инв: 14.02.2018 Бележки инв: П2018 Книги
Vip Innovations Ltd, Rousse, Bulgaria 2025